Normal view
MARC view
- Anderews, Mark , Sanfilippo, Sal , Toupin, Edward.B
Entry Personal Name
001 - CONTROL NUMBER
- control field: 67764
003 - CONTROL NUMBER IDENTIFIER
- control field: NUST
005 - DATE AND TIME OF LATEST TRANSACTION
- control field: 20210628203909.0
008 - FIXED-LENGTH DATA ELEMENTS
- fixed length control field: 210628|| aca||aabn | a|a d
040 ## - CATALOGING SOURCE
- Original cataloging agency: NUST
- Transcribing agency: NUST
100 ## - HEADING--PERSONAL NAME
- Personal name: Anderews, Mark , Sanfilippo, Sal , Toupin, Edward.B
670 ## - SOURCE DATA FOUND
- Source citation: Work cat.: (NUST): Anderews, Mark , Sanfilippo, Sal , Toupin, Edward.B, Using turbo c plus plus 4.5 for windows , special edition, 1995
